|
|
|
|
| LEADER |
01405nam a22002537a 4500 |
| 003 |
GR-PaULI |
| 005 |
20210117210931.0 |
| 007 |
ta |
| 008 |
190708s2019 gr ||||f m||| 00| 0 gre d |
| 952 |
|
|
|0 0
|1 0
|2 nlm
|4 0
|6 WH_700_ΚΑΡ
|7 1
|9 233714
|a MEDI
|b MEDI
|d 2019-07-08
|i Δ/001610
|l 0
|o WH 700 ΚΑΡ
|p 025000175527
|r 2019-07-08 00:00:00
|t 1
|v 2019.00
|w 2019-07-08
|y BKTD
|
| 999 |
|
|
|c 141794
|d 141794
|
| 040 |
|
|
|a GR-PaULI
|b gre
|c GR-PaULI
|e AACR2
|
| 060 |
|
|
|a WH 700
|
| 100 |
1 |
|
|9 176974
|a Καραμπελιάς, Βασίλειος
|e συγγραφέας
|
| 245 |
1 |
2 |
|a Η θέση του λεμφαδένα φρουρού όπως εκφράζεται από τις ομάδες των μασχαλιαίων λεμφαδένων /
|c Βασίλειος Καραμπελιάς ; Πανεπιστήμιο Πατρών, Σχολή Επιστημών Υγείας, Τμήμα Ιατρικής.
|
| 260 |
|
|
|a Πάτρα :
|b [χ.ό.],
|c 2019.
|
| 300 |
|
|
|a 71 σ. ;
|c 29 εκ.
|
| 502 |
|
|
|a Διατριβή (διδακτορική) -- Πανεπιστήμιο Πατρών, Πάτρα, 2019.
|
| 504 |
|
|
|6 Περιλαμβάνει βιβλιογραφία.
|
| 650 |
|
4 |
|9 31723
|a Μαστός
|x Καρκίνος
|
| 650 |
|
4 |
|9 60459
|a Λεμφαδένες
|
| 710 |
|
|
|9 33723
|a Πανεπιστήμιο Πατρών
|b Σχολή Επιστημών Υγείας
|b Τμήμα Ιατρικής
|
| 942 |
|
|
|2 nlm
|c BKTD
|
| 998 |
|
|
|c ΜΑΝΙΑΚΗ
|d 2019
|